00332nam a2200121Ia 4500008004100000041001200041082001600053100001800069245006500087260003400152300000800186650001600194221030s9999 xx 000 0 und d aEnglish a105.23bJot aN. D. Jotwani 0aFundamentals Of Programing with Fortran 77cby N. D. Jotwani bCharotar PubaNew Delhic1990 a216 aBE Computer